000 00565nam a2200229Ia 4500
003 OSt
005 20220909105241.0
008 210210b2006 xxu||||| |||| 00| 0 eng d
020 _a81 8054 217 3
040 _cAL
041 _aEnglish
082 _a651.7 PALE
100 _aPAL (Rajendra)
_956849
245 _aEssentials of business communication
250 _a10
260 _aN D
_bSultan Chand & Sons
_c2006
300 _a824
690 _aBusiness Communication
_956850
700 _aKORLAHALLI (J S).
_956851
906 _a060869
942 _2ddc
_cBK
999 _c107623
_d107623